000 00753nam 22002173 4500
001 201585
090 _a201585
100 _a20260311d u||y0pory50 ba
200 _aPortuguex
_fArmando da Silva Carvalho
_gprefácio de Maria Estela Guedes
205 _a
210 _aLisboa
_cMoraes
_dimp.1981
215 _a245, [2] p.
_cbrochado
_d20 cm
225 _aCírculo de prosa
300 _acontém dedicatória na folha de guarda e mais umas notas do Prof. Dr. Almeida Faria em algumas páginas do livro
606 _96
_aLiteratura Portuguesa
675 _a821.134.3-3
_vPT
_zpor
700 _98627
_aCarvalho
_bArmando Silva
_f1938-2017
702 _911831
_aGuedes
_bMaria Estela
801 _aPT
_bBMMN
_gRPC
830 _cAna Falardo
_fAna Falardo
990 _cLIVROS